[Event "George Trundle Reserves 2016"]
[Site "Auckland"]
[Date "2016.07.09"]
[Round "1.1"]
[White "Lyall, Simon"]
[Black "Hair, Philip I"]
[Result "1/2-1/2"]
[LiveChessVersion "1.4.8"]
[BlackElo "1907"]
[WhiteElo "1762"]

1. e4 {[%clk 1:30:55]} e6 {[%clk 1:30:51]} 2. d4 {[%clk 1:31:19]} d5
{[%clk 1:31:16]} 3. e5 {[%clk 1:31:42]} b6 {[%clk 1:31:39]} 4. Nf3
{[%clk 1:31:36]} Ba6 {[%clk 1:30:50]} 5. Bd3 {[%clk 1:30:13]} Bxd3
{[%clk 1:28:32]} 6. Qxd3 {[%clk 1:30:32]} c5 {[%clk 1:25:43]} 7. c3
{[%clk 1:27:41]} Nd7 {[%clk 1:19:23]} 8. O-O {[%clk 1:25:49]} Ne7
{[%clk 1:13:00]} 9. Re1 {[%clk 1:14:43]} c4 {[%clk 1:01:16]} 10. Qc2
{[%clk 1:06:50]} b5 {[%clk 0:59:41]} 11. Bg5 {[%clk 1:01:58]} h6 {[%clk 0:59:27]}
12. Bh4 {[%clk 1:00:53]} Qc8 {[%clk 0:52:27]} 13. Nbd2 {[%clk 0:44:13]} Nf5
{[%clk 0:48:55]} 14. g4 {[%clk 0:35:14]} Nxh4 {[%clk 0:42:51]} 15. Nxh4
{[%clk 0:34:20]} Be7 {[%clk 0:43:13]} 16. Ng6 {[%clk 0:32:11]} fxg6
{[%clk 0:43:19]} 17. Qxg6+ {[%clk 0:32:39]} Kf8 {[%clk 0:43:28]} 18. Re3
{[%clk 0:30:03]} Bg5 {[%clk 0:29:34]} 19. Rf3+ {[%clk 0:22:15]} Nf6
{[%clk 0:29:42]} 20. exf6 {[%clk 0:21:49]} gxf6 {[%clk 0:29:53]} 21. Rxf6+
{[%clk 0:19:01]} Bxf6 {[%clk 0:30:14]} 22. Qxf6+ {[%clk 0:19:28]} Kg8
{[%clk 0:30:34]} 23. Qg6+ 1/2-1/2

[Event "George Trundle Reserves 2016"]
[Site "Auckland"]
[Date "2016.07.09"]
[Round "1.2"]
[White "Eade, Don"]
[Black "Yan, Caroline"]
[Result "1-0"]
[LiveChessVersion "1.4.8"]
[BlackElo "1743"]
[WhiteElo "1837"]

1. e4 {[%clk 1:30:28]} e6 {[%clk 1:30:55]} 2. d4 {[%clk 1:30:51]} d5
{[%clk 1:31:20]} 3. Nd2 {[%clk 1:31:15]} Nf6 {[%clk 1:31:43]} 4. Bd3
{[%clk 1:30:15]} c5 {[%clk 1:31:00]} 5. Ngf3 {[%clk 1:29:55]} Nc6
{[%clk 1:30:41]} 6. c3 {[%clk 1:28:38]} a6 {[%clk 1:30:24]} 7. O-O
{[%clk 1:28:07]} cxd4 {[%clk 1:21:45]} 8. cxd4 {[%clk 1:26:12]} Be7
{[%clk 1:16:54]} 9. e5 {[%clk 1:25:20]} Nd7 {[%clk 1:17:11]} 10. Re1
{[%clk 1:24:12]} b5 {[%clk 1:16:03]} 11. Bxh7 {[%clk 1:19:01]} Nxd4
{[%clk 1:06:24]} 12. Nxd4 {[%clk 1:10:23]} Rxh7 {[%clk 1:03:45]} 13. Nc6
{[%clk 1:07:25]} Qb6 {[%clk 1:02:07]} 14. Nxe7 {[%clk 1:07:29]} Kxe7
{[%clk 1:02:30]} 15. Nf3 {[%clk 1:06:54]} Bb7 {[%clk 0:49:17]} 16. Nd4
{[%clk 1:01:51]} Rc8 {[%clk 0:41:11]} 17. Be3 {[%clk 0:59:27]} Qc7
{[%clk 0:40:29]} 18. Rc1 {[%clk 0:53:12]} Qb8 {[%clk 0:40:08]} 19. Qd3
{[%clk 0:51:10]} Rh5 {[%clk 0:38:59]} 20. f4 {[%clk 0:47:45]} Rhh8
{[%clk 0:31:17]} 21. Bd2 {[%clk 0:45:18]} Rc4 22. b3 {[%clk 0:43:45]} Nc5
{[%clk 0:25:34]} 23. Qg3 {[%clk 0:32:41]} Rxd4 {[%clk 0:22:38]} 24. Qxg7
{[%clk 0:28:42]} Nd7 {[%clk 0:18:43]} 25. Bc3 {[%clk 0:24:40]} Qa7
{[%clk 0:15:54]} 26. Qxh8 {[%clk 0:21:50]} Rxf4+ {[%clk 0:15:08]} 27. Kh1
{[%clk 0:21:58]} Qf2 28. a3 {[%clk 0:15:46]} d4 {[%clk 0:02:47]} 29. Bb4+
{[%clk 0:15:08]} Nc5 {[%clk 0:03:09]} 30. Bxc5+ {[%clk 0:15:10]} Kd7
{[%clk 0:03:32]} 31. Qg7 {[%clk 0:11:36]} Qh4 {[%clk 0:02:40]} 32. Bd6
{[%clk 0:08:30]} Bc6 {[%clk 0:02:13]} 33. Rf1 {[%clk 0:07:48]} d3
{[%clk 0:01:15]} 34. Qg3 Ke8 1-0

[Event "George Trundle Reserves 2016"]
[Site "Auckland"]
[Date "2016.07.09"]
[Round "1.3"]
[White "Punsalan, Vyanla M"]
[Black "Song, Kate"]
[Result "1-0"]
[LiveChessVersion "1.4.8"]
[BlackElo "1695"]
[WhiteElo "1649"]

1. e4 {[%clk 1:30:56]} e6 {[%clk 1:30:57]} 2. c3 {[%clk 1:31:12]} d5
{[%clk 1:31:14]} 3. exd5 {[%clk 1:31:21]} exd5 {[%clk 1:31:39]} 4. Nf3
{[%clk 1:31:39]} Nf6 {[%clk 1:32:02]} 5. d4 {[%clk 1:32:05]} c5 {[%clk 1:32:26]}
6. Be2 {[%clk 1:32:06]} Be7 {[%clk 1:32:48]} 7. O-O {[%clk 1:32:16]} O-O
{[%clk 1:33:13]} 8. Bg5 {[%clk 1:32:21]} h6 {[%clk 1:33:32]} 9. Bh4
{[%clk 1:32:30]} Nc6 {[%clk 1:32:50]} 10. Ne5 {[%clk 1:32:08]} Be6
{[%clk 1:31:47]} 11. Bg3 {[%clk 1:31:10]} Qb6 {[%clk 1:31:32]} 12. Nxc6
{[%clk 1:30:28]} bxc6 {[%clk 1:31:54]} 13. dxc5 {[%clk 1:29:13]} Qxb2
{[%clk 1:30:24]} 14. Nd2 {[%clk 1:28:19]} Qxc3 {[%clk 1:30:40]} 15. Nb3
{[%clk 1:28:17]} Ne4 {[%clk 1:28:20]} 16. Rc1 {[%clk 1:27:54]} Qf6
{[%clk 1:28:35]} 17. Bf3 {[%clk 1:27:30]} Nxg3 {[%clk 1:28:54]} 18. fxg3
{[%clk 1:27:40]} Qg6 {[%clk 1:29:12]} 19. Nd4 {[%clk 1:26:32]} Bd7
{[%clk 1:29:15]} 20. Kh1 {[%clk 1:26:21]} Rab8 {[%clk 1:27:26]} 21. Nb3
{[%clk 1:24:35]} Qh7 {[%clk 1:24:05]} 22. Rc2 {[%clk 1:23:30]} Bf5
{[%clk 1:23:07]} 23. Rcf2 {[%clk 1:23:13]} Bd3 {[%clk 1:19:15]} 24. Be2
{[%clk 1:21:31]} Bxe2 {[%clk 1:19:22]} 25. Rxe2 {[%clk 1:21:41]} Bf6
{[%clk 1:19:09]} 26. Nd4 {[%clk 1:21:16]} Bxd4 {[%clk 1:19:09]} 27. Qxd4
{[%clk 1:21:24]} Rb1 {[%clk 1:17:48]} 28. Ree1 {[%clk 1:20:15]} Rxe1
{[%clk 1:17:43]} 29. Rxe1 {[%clk 1:20:23]} Qf5 {[%clk 1:17:36]} 30. h3
{[%clk 1:19:29]} Qd7 {[%clk 1:17:14]} 31. Qe5 {[%clk 1:18:02]} d4
{[%clk 1:16:10]} 32. Rd1 {[%clk 1:08:55]} d3 {[%clk 1:15:54]} 33. Qd6
{[%clk 1:08:31]} Qxd6 {[%clk 1:15:39]} 34. cxd6 {[%clk 1:08:45]} Rd8
{[%clk 1:16:08]} 35. Rxd3 {[%clk 1:08:52]} f6 {[%clk 1:16:35]} 36. d7
{[%clk 1:08:45]} Kf7 {[%clk 1:16:44]} 37. Rd6 {[%clk 1:08:48]} Ke7
{[%clk 1:17:08]} 38. Rxc6 {[%clk 1:09:02]} Kxd7 {[%clk 1:17:35]} 39. Ra6
{[%clk 1:08:58]} Ra8 {[%clk 1:17:57]} 40. Kg1 {[%clk 1:38:29]} Kc7
{[%clk 1:48:23]} 41. Re6 {[%clk 1:38:32]} Rg8 {[%clk 1:48:46]} 42. Kf2
{[%clk 1:38:48]} a5 {[%clk 1:49:10]} 43. Ra6 {[%clk 1:38:59]} Rb8
{[%clk 1:49:25]} 44. Rxa5 {[%clk 1:38:50]} Rb2+ {[%clk 1:49:49]} 45. Kf3
{[%clk 1:38:39]} Kb6 {[%clk 1:50:15]} 46. Ra8 {[%clk 1:38:33]} Kc5
{[%clk 1:50:25]} 47. Rg8 {[%clk 1:37:19]} Rb7 {[%clk 1:50:50]} 48. Kg4
{[%clk 1:37:02]} Kd6 {[%clk 1:49:44]} 49. Kf5 {[%clk 1:34:42]} Ra7
{[%clk 1:45:58]} 50. a3 {[%clk 1:33:42]} Ra5+ {[%clk 1:45:59]} 51. Kg6
{[%clk 1:30:24]} Rg5+ {[%clk 1:46:27]} 52. Kf7 {[%clk 1:30:10]} Rxg3
{[%clk 1:46:46]} 53. Rxg7 {[%clk 1:30:23]} Rxa3 {[%clk 1:47:13]} 54. Kxf6
{[%clk 1:30:38]} Ra8 {[%clk 1:45:16]} 55. Kg6 {[%clk 1:29:08]} Rh8
{[%clk 1:45:14]} 56. Kh5 {[%clk 1:29:16]} Ke6 {[%clk 1:45:31]} 57. Rg6+
{[%clk 1:29:32]} Kf7 {[%clk 1:45:47]} 58. Rxh6 {[%clk 1:29:46]} Rg8
{[%clk 1:46:00]} 59. g4 {[%clk 1:30:01]} Rg7 {[%clk 1:46:16]} 60. g5
{[%clk 1:30:02]} Rg8 {[%clk 1:46:14]} 61. Rh7+ {[%clk 1:30:00]} Ke6
{[%clk 1:46:23]} 62. Kh6 {[%clk 1:29:39]} Kf5 {[%clk 1:46:45]} 63. h4
{[%clk 1:29:21]} Ke6 {[%clk 1:45:29]} 64. h5 {[%clk 1:28:31]} Kf5
{[%clk 1:44:56]} 65. Rf7+ {[%clk 1:28:24]} Kg4 {[%clk 1:45:12]} 66. g6
{[%clk 1:28:24]} Rh8+ {[%clk 1:45:31]} 67. Rh7 {[%clk 1:28:34]} Rf8
{[%clk 1:45:51]} 68. Kg7 {[%clk 1:28:23]} Rf5 {[%clk 1:45:45]} 69. Kg8
{[%clk 1:27:18]} Ra5 {[%clk 1:45:17]} 70. g7 {[%clk 1:26:06]} Ra8+
{[%clk 1:45:20]} 71. Kf7 {[%clk 1:26:26]} Kf5 {[%clk 1:45:04]} 72. g8=Q
{[%clk 1:26:14]} Ra7+ {[%clk 1:45:32]} 73. Kf8 {[%clk 1:26:30]} Ra8+
{[%clk 1:45:58]} 74. Kg7 {[%clk 1:26:52]} Rxg8+ {[%clk 1:45:43]} 75. Kxg8
{[%clk 1:27:12]} Kf6 {[%clk 1:46:11]} 76. Rg7 {[%clk 1:27:29]} 1-0

[Event "George Trundle Reserves 2016"]
[Site "Auckland"]
[Date "2016.07.09"]
[Round "1.4"]
[White "Mukkattu, Philip"]
[Black "Taylor, Richard"]
[Result "1/2-1/2"]
[LiveChessVersion "1.4.8"]
[BlackElo "1866"]
[WhiteElo "1658"]

1. d4 Nf6 2. c4 {[%clk 1:30:58]} e6 {[%clk 1:30:45]} 3. Nc3 {[%clk 1:31:08]} Bb4
{[%clk 1:31:06]} 4. Qc2 {[%clk 1:30:43]} d5 {[%clk 1:31:09]} 5. Nf3
{[%clk 1:29:53]} Bxc3+ {[%clk 1:30:08]} 6. bxc3 {[%clk 1:30:00]} c5
{[%clk 1:28:09]} 7. e3 {[%clk 1:30:09]} Nc6 {[%clk 1:27:15]} 8. Be2
{[%clk 1:22:28]} O-O {[%clk 1:25:42]} 9. O-O {[%clk 1:22:51]} b6 {[%clk 1:22:15]}
10. Ba3 {[%clk 1:17:27]} dxc4 {[%clk 1:17:55]} 11. Bxc4 {[%clk 1:15:41]} Na5
{[%clk 1:17:25]} 12. Be2 {[%clk 1:10:10]} Qc7 {[%clk 1:13:39]} 13. e4
{[%clk 1:05:50]} Bb7 {[%clk 1:10:24]} 14. e5 {[%clk 1:02:23]} Nd5
{[%clk 1:00:15]} 15. Ng5 {[%clk 0:58:39]} g6 {[%clk 1:00:26]} 16. Qd2
{[%clk 0:41:56]} h6 {[%clk 0:48:47]} 17. Ne4 {[%clk 0:39:11]} Kg7
{[%clk 0:46:49]} 18. c4 {[%clk 0:26:14]} Ne7 {[%clk 0:37:52]} 19. Nd6
{[%clk 0:23:54]} Rad8 {[%clk 0:27:32]} 20. dxc5 {[%clk 0:16:54]} bxc5
{[%clk 0:26:54]} 21. Qe3 {[%clk 0:15:13]} Nf5 {[%clk 0:22:04]} 22. Nxf5+
{[%clk 0:14:16]} exf5 {[%clk 0:22:23]} 23. Bxc5 {[%clk 0:12:46]} Rfe8
{[%clk 0:22:36]} 24. Bd6 {[%clk 0:12:13]} Qc6 {[%clk 0:13:48]} 25. Bf3
{[%clk 0:07:36]} Qxc4 {[%clk 0:13:42]} 26. Rfc1 {[%clk 0:07:56]} Qa4
{[%clk 0:12:53]} 27. Qxa7 {[%clk 0:04:52]} Ra8 28. Qb6 {[%clk 0:03:42]} Bxf3
{[%clk 0:06:10]} 29. gxf3 {[%clk 0:04:08]} Qh4 {[%clk 0:05:23]} 30. Qc7
{[%clk 0:01:48]} Qg5+ {[%clk 0:04:40]} 31. Kh1 {[%clk 0:01:37]} Qf4
{[%clk 0:03:02]} 32. Qc3 {[%clk 0:00:50]} Kh7 {[%clk 0:03:10]} 33. Qe3
{[%clk 0:00:55]} Qh4 {[%clk 0:03:14]} 34. f4 {[%clk 0:00:57]} g5 {[%clk 0:03:16]}
35. Qg3 {[%clk 0:00:41]} Qh5 {[%clk 0:03:05]} 36. Rc7 {[%clk 0:00:38]} gxf4
{[%clk 0:02:33]} 37. Qxf4 {[%clk 0:01:01]} Rg8 {[%clk 0:02:52]} 38. e6
{[%clk 0:00:45]} Rg7 {[%clk 0:03:02]} 39. exf7 {[%clk 0:00:38]} Rxf7
{[%clk 0:03:20]} 40. Rxf7+ {[%clk 0:01:06]} Qxf7 {[%clk 0:33:42]} 41. f3
{[%clk 0:30:40]} Qd5 {[%clk 0:33:04]} 1/2-1/2

[Event "George Trundle Reserves 2016"]
[Site "Auckland"]
[Date "2016.07.09"]
[Round "1.5"]
[White "Braganza, Nadia"]
[Black "Jia, Hao"]
[Result "0-1"]
[LiveChessVersion "1.4.8"]
[BlackElo "1930"]
[WhiteElo "1358"]

1. e4 {[%clk 1:30:56]} c5 {[%clk 1:30:32]} 2. Nf3 {[%clk 1:31:12]} Nc6
{[%clk 1:30:47]} 3. d4 {[%clk 1:31:19]} cxd4 {[%clk 1:31:03]} 4. Nxd4
{[%clk 1:31:34]} Nf6 {[%clk 1:30:59]} 5. Nc3 {[%clk 1:31:41]} e5 {[%clk 1:30:54]}
6. Ndb5 {[%clk 1:31:46]} d6 {[%clk 1:30:51]} 7. Bg5 {[%clk 1:31:23]} a6
{[%clk 1:31:09]} 8. Na3 {[%clk 1:31:30]} b5 {[%clk 1:31:23]} 9. Nd5
{[%clk 1:30:55]} Be7 {[%clk 1:30:46]} 10. Bxf6 {[%clk 1:29:44]} Bxf6
{[%clk 1:28:53]} 11. c3 {[%clk 1:29:27]} Be6 {[%clk 1:16:16]} 12. Nc2
{[%clk 1:25:29]} Bxd5 {[%clk 1:12:46]} 13. exd5 {[%clk 1:19:46]} Ne7
{[%clk 1:12:10]} 14. Be2 {[%clk 1:19:19]} O-O {[%clk 1:12:00]} 15. O-O
{[%clk 1:18:06]} Bg5 {[%clk 1:09:38]} 16. a4 {[%clk 1:17:38]} Qb6
{[%clk 1:05:26]} 17. b4 {[%clk 1:11:22]} Rac8 {[%clk 0:49:57]} 18. a5
{[%clk 1:10:12]} Qb7 {[%clk 0:49:41]} 19. Ra3 {[%clk 1:06:40]} f5
{[%clk 0:48:26]} 20. h3 {[%clk 0:44:42]} Nxd5 {[%clk 0:44:17]} 21. Qa1
{[%clk 0:39:36]} Nf4 {[%clk 0:35:08]} 22. Re1 {[%clk 0:37:12]} Qxg2# 0-1